000 00776nam a22002417a 4500
003 OSt
005 20260126045538.0
008 260110b |||||||| |||| 00| 0 eng d
020 _a1-56308-800-2.
040 _aDWC-Main Lib.
_cOC
082 _22nd ed.
_aCirc. 025.313 O18s 2001
100 _aOlso, Hope A.
245 _aSubject analysis in online catalogs/
_cHope A. Olso
250 _a2nd ed.
260 _aColorado:
_bGreenwood Publishing Group, Inc. ,
_cc2001.
300 _axv, 333 p. ;
_c23 cm.
500 _aIncludes index.
650 _a1. Online Bibliography Searching.
650 _a2. Online Library Catalogs-Subject Access.
650 _a3. Subject Cataloging-Data Processing.
700 _aBoll, John J.
942 _2ddc
_cBK-CIRC
_e2nd ed.
_hCir.
_n0
999 _c7257
_d7257